000 00720nam a2200265Ia 4500
005 20260302115252.0
008 008 260114s9999 xx 000 0 eng d
020 _a9798216956532
037 _aTextbook
040 _aCRL
040 _beng
040 _cCRL
041 _2eng
041 _aeng
084 _qCRL
100 _aMaude M. Adjarian
_91121171
245 0 _aAllegories of Desire Body, Nation, and Empire in Modern Caribbean Literature by Women
260 _bBloomsbury
260 _bGreenwood
260 _c2004
650 _aLiterary Studies
856 _uhttps://doi.org/10.5040/9798216956532?locatt=label:secondary_bloomsburyCollections
942 _cEBOOK
999 _c1685583
_d1685583